<?xml version="1.0" encoding="UTF-8"?>
<record
    xmlns:xsi="http://www.w3.org/2001/XMLSchema-instance"
    xsi:schemaLocation="http://www.loc.gov/MARC21/slim http://www.loc.gov/standards/marcxml/schema/MARC21slim.xsd"
    xmlns="http://www.loc.gov/MARC21/slim">

  <leader>00335    a2200109   4500</leader>
  <controlfield tag="001">ART_10679</controlfield>
  <controlfield tag="005">20260410161831.0</controlfield>
  <controlfield tag="008">260409a                                 </controlfield>
  <datafield tag="245" ind1="1" ind2="0">
    <subfield code="a">El sistema bancario argentino 1990-2001</subfield>
  </datafield>
  <datafield tag="100" ind1="1" ind2=" ">
    <subfield code="a">Frediani, Ram&#xF3;n O.</subfield>
  </datafield>
  <datafield tag="773" ind1="0" ind2=" ">
    <subfield code="t">Actualidad Econ&#xF3;mica</subfield>
    <subfield code="g">- A&#xF1;o XII, N&#xBA; 53 (ago./dic. 2002)</subfield>
    <subfield code="w">REV5083</subfield>
  </datafield>
  <datafield tag="999" ind1=" " ind2=" ">
    <subfield code="c">23198</subfield>
    <subfield code="d">23198</subfield>
  </datafield>
</record>
